5. Tim (Record no. 6421)
[ view plain ]
| 000 -BAŞLIK | |
|---|---|
| Sabit Uzunlukta Kontrol Alanı | 01054na a2200349 4500 |
| 001 - KONTROL NUMARASI | |
| Denetim Alanı | 16451 |
| 003 - KONTROL NUMARASI IDENTIFIER | |
| Denetim Alanı | MIRAKIL |
| 005 - SON İŞLEM TARİHİ VE ZAMANI | |
| Denetim Alanı | 20181213155107.0 |
| 008 - SABİT-BOY VERİ ELEMANLARI - GENEL BİLGİLER | |
| Sabit Uzunlukta Kontrol Alanı | 161011b tu 000 0 |
| 020 ## - ULUSLARARASI STANDART KİTAP NUMARASI | |
| Uluslararası Standart Kitap Numarası | 9789750127410 |
| 035 ## - SİSTEM KONTROL NUMARASI | |
| Sistem Kontrol Numarası | 16451 |
| 040 ## - KATALOGLAMA KAYNAK | |
| Orijinal Kataloglama Ajansı | Milas |
| Kataloglama Dili | tur |
| Metne Dönüştürmek Ajansı | TR-AnCHP |
| 041 ## - DİL KODU | |
| Metin / Ses Parça Veya Ayrı Başlığın Dil Kodu | tur |
| 082 ## - DEWEY ONLU SINIFLANDIRMA NUMARASI | |
| Sınıflandırma Numarası | 923.5 Ağar,A |
| Ürün Numarası | A32b 2008 |
| 090 ## - SINIFLAMA NUMARASI | |
| Sınıflama Numarası | 923.5 Ağar,A A32b 2008 |
| 100 ## - ANA GİRİŞ - KİŞİSEL İSİM | |
| Kişisel Ad | Ağar, Abdullah |
| 245 ## - BAŞLIK TABLOSU | |
| Başlık | 5. Tim |
| Başlığın Kalan | "güneş doğsun isteriz" |
| Sorumluluk Tablosu, Vb | Abdullah Ağar |
| 246 ## - UNVAN FORM VARYING | |
| Başlık Doğru / Kısa Başlığı | beşinci Tim |
| 246 ## - UNVAN FORM VARYING | |
| Başlık Doğru / Kısa Başlığı | Güneş doğsun isteriz |
| 250 ## - EDITION TABLOSU | |
| Baskı Beyanı | 16. bs. |
| 260 ## - YAYIN, DAĞITIM, VB | |
| Yayın, Dağıtım, Vb Yeri | İstanbul |
| Yayıncı, Dağıtıcı, Vs Adı | Kitaptürk |
| Yayın, Dağıtım, Vb Tarihi | 2008 |
| 300 ## - FİZİKSEL TANIM | |
| Kapsam | 333 s. |
| Diğer Fiziksel Ayrıntıları | res. |
| Boyutlar | 23 sm. |
| 500 ## - GENEL NOT | |
| Genel Not | Yapıt yazarından imzalıdır. |
| 600 ## - KONU KATMA GİRİŞ - KURUMSAL ADI | |
| Kişisel Ad | Ağar, Abdullah |
| Form Alt Bölümü | Tim komutanı |
| Genel Alt Bölümü | Anılar |
| 650 ## - KONU KATMA GİRİŞ - TOPİKAL DÖNEM | |
| Topikal Süreli Veya Coğrafi Ad Giriş Elemanı | Kürtler |
| Coğrafi Alt Bölümü | Güneydoğu Anadolu |
| 650 ## - KONU KATMA GİRİŞ - TOPİKAL DÖNEM | |
| Topikal Süreli Veya Coğrafi Ad Giriş Elemanı | Teröristler |
| Coğrafi Alt Bölümü | Türkiye |
| 650 ## - KONU KATMA GİRİŞ - TOPİKAL DÖNEM | |
| Topikal Süreli Veya Coğrafi Ad Giriş Elemanı | Askerlik |
| Genel Alt Bölümü | Özel operasyonlar |
| Kronolojik Alt Bölümü | Anılar |
| Coğrafi Alt Bölümü | Türkiye |
| 650 ## - KONU KATMA GİRİŞ - TOPİKAL DÖNEM | |
| Topikal Süreli Veya Coğrafi Ad Giriş Elemanı | Askerler |
| Genel Alt Bölümü | Yaşamöyküsü |
| Coğrafi Alt Bölümü | Türkiye |
| 651 ## - KONU KATMA GİRİŞ - COĞRAFİ ADI | |
| Coğrafi İsim | Güneydoğu Anadolu |
| Genel Alt Bölümü | Terör |
| Kronolojik Alt Bölümü | Anılar |
| 942 ## - EKLENDİ GİRİŞ ELEMANLARI (KOHA) | |
| Sınıflandırma Veya Raf Düzeni Kaynak | Dewey Decimal Classification |
| Koha Öğesi Türü | Books |
| 999 ## - SİSTEM KONTROL NUMARALARI (KOHA) | |
| Koha Biblionumber | 6421 |
| Koha Biblioitemnumber | 6421 |
| 657 ## - INDEX SÜRE - İŞLEVİ | |
| -- | Komutan anıları |
| Kalıcı Konum | Mevcut Konum | Edinme Tarihi | Edinim Kaynak | Toplam Check-Out'Lar | Tam Çağrı Numarası | Barkod | Tarih Son Görülme | İtibaren Geçerli Fiyatlar | Koha Öğesi Türü |
|---|---|---|---|---|---|---|---|---|---|
| CHP Kütüphanesi | CHP Kütüphanesi | 10/06/2016 | Bağış | 923.5 Ağar,A A32b 2008 | 002282 | 10/06/2016 | 10/06/2016 | Books |
